Statystyki dla Arka Gdynia, jesień 2019/2020

Kliknij tutaj aby rozwiązać quiz!

Ogólne statystyki

  • Ten quiz został rozwiązany 53 razy
  • Średni wynik to 12 z 28

Statystyki odpowiedzi

PozycjaImię i Nazwisko% Poprawnych
BramkarzPavels Steinbors
93%
ObrońcaAdam Marciniak
74%
ObrońcaDamian Zbozień
70%
PomocnikMichał Nalepa
70%
NapastnikRafał Siemaszko
65%
PomocnikAdam Deja
61%
NapastnikMaciej Jankowski
57%
ObrońcaChristian Maghoma
54%
PomocnikMateusz Młyński
54%
NapastnikFabian Serrarens
48%
ObrońcaAdam Danch
48%
PomocnikKamil Antonik
46%
ObrońcaLuka Marić
43%
ObrońcaFrederik Helstrup
41%
NapastnikJan Łoś
37%
NapastnikAleksandar Kolev
35%
BramkarzKacper Krzepisz
33%
PomocnikMarcus Vinicius
33%
ObrońcaJakub Wawszczyk
33%
ObrońcaMichael Olczyk
26%
PomocnikMichał Kopczyński
24%
PomocnikAzer Busuladzić
24%
PomocnikNabil Aankour
22%
BramkarzMarcin Staniszewski
22%
PomocnikDavit Skhirtladze
20%
PomocnikGoran Cvijanović
17%
PomocnikSanti Samanes
15%
PomocnikMateusz Stępień
15%

Rozkład punktacji

Percentyl według liczby udzielonych odpowiedzi

Procent ludzi z każdym wynikiem

Twoja historia wyników

Nie rozwiązałeś tego quizu